Statistics for California or Texas?

Click here to take the quiz!

General Stats

  • This quiz has been taken 265 times
    (158 since last reset)
  • The average score is 12 of 20

Answer Stats

QuestionAnswer% Correct
. . . has a greater population?California
93%
. . . is larger? (area)Texas
91%
. . . has the larger largest city?California
84%
. . . has more water area?California
76%
. . . borders more U.S. states?Texas
76%
. . . has the busiest airport?California
69%
. . . had a "Big Four" (MLB, NFL, NBA, NHL) professional sports team first?California
69%
. . . was admitted to the union first?Texas
68%
. . . covers a greater range of temperatures? (difference between record high and record low)California
66%
. . . has more interstate highway mileage?Texas
62%
. . . has multiple buildings over 1,000 feet tall?California
60%
. . . was settled by Europeans first?Texas
59%
. . . has more UNESCO World Heritage Sites?California
58%
. . . is the birthplace of more presidents?Texas
56%
. . . has a higher Hispanic/Latino population (by percentage)?Texas
50%
. . . has the larger city named Pittsburg? (city proper population)California
44%
. . . has more cities with population greater than 1 million?Texas
40%
. . . has a city with more than 30 skyscrapers?Texas
38%
. . . has a higher Native American population (by percentage)?California
37%
. . . is "taller"? (greater distance between northernmost and southernmost points)Texas
16%

Score Distribution

Percentile by Number Answered

Percent of People with Each Score

Your Score History

You have not taken this quiz since the last reset